• 首页
  • 本馆介绍
  • 公告通知
  • 最新文献
  • 馆藏检索
  • 电子资源
  • 读者荐购
  • 参考咨询
  • CALIS
  • 我的图书馆
  • 登录
  • 详细信息显示
  • 放入我的书架
  • 预约/预借图书
  • 作者相关作品
  • 分类相关作品
  • 丛书相关作品
  • 出版社相关作品

书目信息

  • 表格格式
  • 工作单格式
  • 卡片格式
题名:
实话实说的实话
    
 
作者: 时间 主编
分册:  
出版信息: 上海   53541347上海文化出版社  1999.01
页数: 442页
开本: 32开
丛书名:
单 册:
中图分类:
科图分类:
主题词: 广播事业 , 电视事业
电子资源:
ISBN: 7-80646-045-4
 
 
 
 
 
000 00615nam0 2200217 45
001 9912100853
005 19991228150019.2
010    @a7-80646-045-4@d16.80元
100    @a19991210d1999 km y0chiy0120 ea
101    @achi
105    @a z 000yy
200 1  @a实话实说的实话@AShi Hua Shi Shuo De Shi Hua@f时间,乔艳琳主编@FShi Jian,Qiao Yan Lin Zhu Bian
210    @a上海@c53541347上海文化出版社@d1999.01
215    @a442页@d32开
606 0  @a广播事业
606 0  @a电视事业
690    @v3
690    @aG222.2@v3
701    @a时间@4主编
801    @aCN@bPFTUser@c19991210
905    @b48291-293@dG222.2@eSH.451@f3
    
    实话实说的实话/时间,乔艳琳主编.-上海:53541347上海文化出版社,1999.01
    442页;32开
    
    
    ISBN 7-80646-045-4:16.80元
    
●
相关链接 在E读中查询图书 在当当中查询图书 在豆瓣中查询图书


正题名:实话实说的实话     索取号:G222.2/SH.451         预约/预借

序号 登录号 条形码 馆藏地/架位号 状态 备注
1 48291   200482913   社科库409/422社科库 51排3列5层/ [索取号:G222.2/SH.451] 在馆    
2 48292   200482922   社科库409/422社科库 42排2列5层/ [索取号:G222.2/SH.451] 在馆    
3 48293   200482931   社科库409/ [索取号:G222.2/SH.451] 在馆    
河南城建学院图书馆 欢迎您!
大连网信软件有限公司© 版权所有